| 000 | 01307nam a22003497a 4500 | ||
|---|---|---|---|
| 005 | 20240530110407.0 | ||
| 008 | 150204s2009 ua op f 000 0 ara d | ||
| 017 | _a2009/21436 | ||
| 040 | _aEG-CaGPL | ||
| 041 | 0 | _aara | |
| 082 | 0 | 4 |
_221 _a726.2 _bق/س م |
| 100 | 0 | _aسعاد ماهر محمد | |
| 245 | 1 | 0 |
_aمساجد مصر و اولياؤها الصالحون / _cسعاد ماهر محمد |
| 260 |
_aالقاهرة : _bالمجلس الاعلى للشئون الاسلامية ، _c2009 |
||
| 300 |
_a5 ج : _bصور ؛ _c28 سم |
||
| 650 | 0 | 4 |
_aالمساجد _xمصر |
| 650 | 0 | 4 |
_aمسجد ابو بكر الطرطوشى _zالاسكندرية |
| 650 | 0 | 4 |
_aالاضرحة _zمصر |
| 650 | 0 | 4 |
_aمسجد النبى دنيال _zالاسكندرية |
| 650 | 0 | 4 |
_aصلاة العيد _yالعصر الفاطمى |
| 650 | 0 | 4 | _aجامع الاقمر |
| 650 | 0 | 4 |
_aالسيدة نفيسة _xجامع |
| 650 | 0 | 4 | _aالجامع العمرى |
| 650 | 0 | 4 |
_aالامام الحسين _xجامع |
| 650 | 0 | 4 |
_aالازهر _xجامع |
| 650 | 0 | 4 |
_aعمرو بن العاص _xجامع |
| 650 | 0 | 4 | _aالمسجد النبوى |
| 650 | 0 | 4 |
_aالمساجد _xتاريخ |
| 650 | 0 | 4 | _aالعمارة الاسلامية |
| 942 |
_2ddc _cBK |
||
| 999 |
_c60389 _d60389 |
||